Castellano 2

Αποθηκεύτηκε σε:
Λεπτομέρειες βιβλιογραφικής εγγραφής
Κύριοι συγγραφείς: Domínguez H., Ana María (Συγγραφέας), Trenqualye Howard, Isabelle de (Συγγραφέας)
Μορφή: Βιβλίο
Γλώσσα:Ισπανικά
Έκδοση: Santiago Universitaria 1994
Έκδοση:2a. ed
Θέματα:
Ετικέτες: Προσθήκη ετικέτας
Δεν υπάρχουν, Καταχωρήστε ετικέτα πρώτοι!

MARC

LEADER 00000nam a2200000 a 4500
001 UCZ8730
003 CL-VaPUC
008 960125e19941100CL |||||||||||||||||spa|d
082 0 4 |a 372.6  |b DOM  |2 21 
100 0 |a Domínguez H., Ana María  |e author  |9 354091 
700 0 |a Trenqualye Howard, Isabelle de  |e author  |9 354092 
245 1 0 |a Castellano 2 
250 |a 2a. ed 
300 |a 144 p 
942 |c BK 
945 |d 19960125 00:00:00  |a cmena 
260 |a Santiago  |b Universitaria  |c 1994 
650 0 |a Lectura  |9 307634 
650 0 |a Escritura  |9 264941 
650 0 |a Ortografía  |9 309144 
650 0 |a Gramática  |9 270497 
650 0 |a Español  |9 255372 
650 0 |a Métodos de enseñanza  |9 270413 
650 0 |a Enseñanza de la lectura  |9 308364 
650 0 |a Enseñanza de la escritura  |9 307377 
650 0 |a Educación básica   |9 224933 
583 |a last modification  |c 19960125 00:00:00  |k Rodrigo Vera 
999 |c 244551  |d 244549 
952 |0 0  |1 0  |4 0  |6 372_600000000000000_DOM_1994  |7 0  |8 P  |9 258647  |a BIBEDU  |b BIBEDU  |c BIBEDU_PB  |d 2019-11-19  |i 1623400  |o 372.6 DOM 1994  |p 1623400  |r 2024-01-25  |w 2019-11-19  |y BK  |k EDU